| 000 | 00669nam a22002297a 4500 | ||
|---|---|---|---|
| 999 |
_c4109 _d4109 |
||
| 001 | 11523 | ||
| 003 | BD-DhUAP | ||
| 005 | 20201110165639.0 | ||
| 008 | 201101s1986 si a b 000 0 eng | ||
| 020 | _a9971801752 | ||
| 040 |
_aDLC _cDLC _dBD-DhUAP |
||
| 082 | 0 | 0 |
_a510.76 TEO _223 |
| 100 | 1 | _aTeo, G. S. | |
| 245 | 1 | 0 |
_aTopical questions and solutions for A-level mathematics (syllabus C) : _bpure mathematics / _cG. S. Teo. |
| 250 | _a1st ed. | ||
| 260 |
_aSingapore : _bSingapore Asian Publications, _cc1986. |
||
| 300 |
_a340 pages : _billustrations ; _c25 cm. |
||
| 650 | 0 | _aMathematics. | |
| 650 | 0 | _aProbabilities. | |
| 650 | 0 | _aStatistics. | |
| 942 |
_2ddc _cBK |
||